1546 1994 1393 1866 1866 1673 1676 1182 1068 1703 1095 1232 1261 1700 1978 1588 1892 1794 1122 1621 1900 1092 1064 1207 1927 1224 1390 1144 1465 1475 1368 1967 1644 1545 1419 1755 1458 1894 1121 1656 1011 1069 1337 1053 1058 1245 1591 1686 1972 1001 1396 1709 1603 1377 1704 1772 1914 1117 1056 1053 1699 1542 1510 1525 1459 1873 1282 1709 1184 1609 1118 1605 1223 1282 1893 1394 1634 1883 1164 1627 1934 1478 1081 1101 1272 1155 1091 1422 1482 1595 1038 1967 1926 1817 1257 1712 1943 1407 1376 BCNSPRNW ULIB Ver.6.0+V

เปลี่ยนเป็นภาษาไทย

Change to English
 แสดงรายละเอียดบรรณานุกรม
  กลับหน้าหลัก

Brief Record : Get Marc (ISO 2709) : E-mail record : QR code < ปิดหน้าต่าง
LEADER : 00000nam 2200000uu 4500
001    13399126418
003     ULIB
008    180914s2561||||th 000 0 tha d
020    ^a9786169231882
060    ^aWS113^bค599ด
100    ^aคุโบะตะ, คิโช
245    ^aเด็กหัวดีสร้างได้ก่อนหัดเดิน=Baby Brain Training
250    ^aพิมพ์ครั้งที่ 1
260    ^aนนทบุรี :^bแซนด์คล็อค บุ๊คส์,^c2561
300    ^a272 หน้า;^b19 ซม.
650    ^aเด็ก--การเลี้ยงดู
700 0  ^aนุชจรินทร์ จึงมานนท์,ผู้แปล
945    ^p350^l0^i26619
999    ^aกัณชพร จุลอักษร
รายการนี้ยังไม่มีแท็ก
คุณยังไม่ได้ล็อกอิน คุณสามารถมีกิจกรรมร่วมกับเว็บไซต์ได้ แต่ต้องล็อกอินก่อน ::
  ล็อกอิน

รายการสื่อสารสนเทศ

ลำดับที่ ประเภท เลขเรียก/บาร์โค้ด สถานที่ สถานะ
1. วิทยาศาสตร์การแพทย์ และสุขภาพ
วิทยาศาสตร์การแพทย์ และสุขภาพ
WS113 ค599ด ฉ.1 
  Barcode: 26619
ห้องสมุดวิทยาเขตนครสวรรค์
►หนังสือทั่วไป:l:General Books
บนชั้น

รายการใกล้เคียง
    ชื่อเรื่อง [เด็กหัวดีสร้างได้ก่อนหัดเดิน=Baby Brain Training]

    ผู้แต่ง [คุโบะตะ, คิโช]

    หัวเรื่อง [เด็ก--การเลี้ยงดู]

BibComment


ยังไม่เคยถูกคอมเมนท์

คอมเมนท์ทรัพยากรรายการนี้
  คอมเมนท์: เด็กหัวดีสร้างได..


 Copyright 2026. Bcnsprnw @Library